000
00317nam a2200133Ia 4500
008
100328s9999 xx 000 0 und d
082
_b
1653
100
_a
The Divine Comedy
245
_a
Dante Alighieri
260
_b
G.Bell & Sons Ltd.
630
_a
Dante Alighieri
730
_a
Dante Alighieri
942
_c
BOOK
999
_c
497913
_d
497910